00713nam a2200217 a 450000100100000000500170001000800410002702000150006804000250008310000250010824000440013324500470017725000110022426000350023530000210027049000170029150000350030883000240034395201110036799900170047800004029320201002034034.0130821s1993 sp 000 0 spa d a8434831007 aDO-SdBNPbspacBNPHU1 aLienas, Gemma96657510aAixí és la vida, CarlotalEspañol10aAsí es la vida, Carlota /cGemma Lienas. a6a ed. aMadrid :bEdiciones SM,c1993. a154 p. ;c22 cm.1 aGran Angular aTraducido del idioma catalán 0aGran Angular926464 001054708MOaGRbGRcCTd2013-08-21iLF1l0o p40293-10r2020-06-25w2020-06-25y4ZPréstamo en sala c39783d39783